Normal view
MARC view
Entry Personal Name
001 - CONTROL NUMBER
- control field: 17030
003 - CONTROL NUMBER IDENTIFIER
- control field: ARRUPE
005 - DATE AND TIME OF LATEST TRANSACTION
- control field: 20150409140119.0
008 - FIXED-LENGTH DATA ELEMENTS
- fixed length control field: 150409|| aca||aabn | a|a d
040 ## - CATALOGING SOURCE
- Original cataloging agency: ARRUPE
- Transcribing agency: ARRUPE
100 ## - HEADING--PERSONAL NAME
- Personal name: Cohen, Jonathan L. (Series general editor)
670 ## - SOURCE DATA FOUND
- Source citation: Work cat.: (ARRUPE): Sober, E. 17028, Simplicity , 1975